LEADER 00851nam0-2200289 --450 001 9910329259603321 005 20190711131414.0 020 $aIT$b743812 100 $a20190711d1974----kmuy0itay5050 ba 101 0 $aita 102 $aIT 105 $a 001yy 200 1 $aMetodi statistici applicati alle ricerche economiche e sociali$fLuigi Muttarini 210 $aMilano$cGiuffrè$d1974 215 $aXIX, 378 p., 1 c. di tav. ripieg.$d25 cm 610 0 $aStatistica sociale$aMetodo 676 $a301$v17 676 $a301$v18 676 $a300.72$v19 700 1$aMuttarini$bLuigi$0142564 801 0$aIT$bUNINA$gREICAT$2UNIMARC 901 $aBK 912 $a9910329259603321 952 $aMTD 668$b1714/213$fDARPU 959 $aDARPU 996 $aMetodi statistici applicati alle ricerche economiche e sociali$9870738 997 $aUNINA LEADER 04176nam 2200877 450 001 9910792718903321 005 20230730080353.0 010 $a1-63853-441-1 010 $a1-62623-452-3 024 7 $a10.1055/b-005-143326 035 $a(CKB)3710000001151529 035 $a(Au-PeEL)EBL4838319 035 $a(CaPaEBR)ebr11372241 035 $a(OCoLC)967457228 035 $a10.1055-b-005-143326 035 $a(DE-2912)1495658337061 035 $a(MiAaPQ)EBC4838319 035 $a(EXLCZ)993710000001151529 100 $a20170426h20172017 uy 0 101 0 $aeng 135 $aurcnu|||||||| 181 $ctxt$2rdacontent 182 $cc$2rdamedia 183 $acr$2rdacarrier 200 10$aEndothelial Keratoplasty $eMastering DSEK, DMEK, and PDEK /$fby: Agarwal, Amar, Kim, Terry 210 1$aNew York :$cThieme,$d2017. 210 4$d©2017 215 $a1 online resource (xv, 188 pages) $cillustrations (chiefly color) 311 $a1-62623-451-5 320 $aIncludes bibliographical references. 606 $aCornea$xSurgery 606 $aCornea$xTransplantation 606 $aEye$xSurgery 615 0$aCornea$xSurgery. 615 0$aCornea$xTransplantation. 615 0$aEye$xSurgery. 676 $a617.7/19059 700 $aAgarwal$b Amar$4aut$4http://id.loc.gov/vocabulary/relators/aut$01467127 702 $aKim$b Terry$4edt$4http://id.loc.gov/vocabulary/relators/edt 702 $aAgarwal$b Amar$4aut$4http://id.loc.gov/vocabulary/relators/aut 702 $aAgarwal$b Ashvin$4aut$4http://id.loc.gov/vocabulary/relators/aut 702 $aAgarwal$b Athiya$4aut$4http://id.loc.gov/vocabulary/relators/aut 702 $aAyres$b Brandon Daniel$4aut$4http://id.loc.gov/vocabulary/relators/aut 702 $aAzar$b Dimitri T$4aut$4http://id.loc.gov/vocabulary/relators/aut 702 $aBaartman$b Brandon James$4aut$4http://id.loc.gov/vocabulary/relators/aut 702 $aBaydoun$b Lamis$4aut$4http://id.loc.gov/vocabulary/relators/aut 702 $aDapena$b Isabel$4aut$4http://id.loc.gov/vocabulary/relators/aut 702 $aDupps$b William J$4aut$4http://id.loc.gov/vocabulary/relators/aut 702 $aGomes$b Rachel L.R$4aut$4http://id.loc.gov/vocabulary/relators/aut 702 $aHallak$b Joelle A$4aut$4http://id.loc.gov/vocabulary/relators/aut 702 $aJacob$b Soosan$4aut$4http://id.loc.gov/vocabulary/relators/aut 702 $aJeng$b Bennie H$4aut$4http://id.loc.gov/vocabulary/relators/aut 702 $aJohn$b Thomas$4aut$4http://id.loc.gov/vocabulary/relators/aut 702 $aKenyon$b Kenneth R$4aut$4http://id.loc.gov/vocabulary/relators/aut 702 $aKim$b Michelle J$4aut$4http://id.loc.gov/vocabulary/relators/aut 702 $aKim$b Terry$4aut$4http://id.loc.gov/vocabulary/relators/aut 702 $aKumar$b Dhivya Ashok$4aut$4http://id.loc.gov/vocabulary/relators/aut 702 $aLee$b W. Barry$4aut$4http://id.loc.gov/vocabulary/relators/aut 702 $aLuceri$b Salvatore$4aut$4http://id.loc.gov/vocabulary/relators/aut 702 $aMelles$b Gerrit R.J$4aut$4http://id.loc.gov/vocabulary/relators/aut 702 $aMcKee$b Yuri$4aut$4http://id.loc.gov/vocabulary/relators/aut 702 $aNarang$b Priya$4aut$4http://id.loc.gov/vocabulary/relators/aut 702 $aNariani$b Ashiyana$4aut$4http://id.loc.gov/vocabulary/relators/aut 702 $aPerez-Straziota$b Claudia E$4aut$4http://id.loc.gov/vocabulary/relators/aut 702 $aPrice Jr$b Francis W$4aut$4http://id.loc.gov/vocabulary/relators/aut 702 $aPrice$b Marianne O$4aut$4http://id.loc.gov/vocabulary/relators/aut 702 $aSáles$b Christopher S$4aut$4http://id.loc.gov/vocabulary/relators/aut 702 $aSchoenberg$b Evan D$4aut$4http://id.loc.gov/vocabulary/relators/aut 702 $aShulman$b Matthew$4aut$4http://id.loc.gov/vocabulary/relators/aut 702 $aTerry$b Mark A$4aut$4http://id.loc.gov/vocabulary/relators/aut 702 $aWu$b Peter$4aut$4http://id.loc.gov/vocabulary/relators/aut 801 0$bDE-2912 906 $aBOOK 912 $a9910792718903321 996 $aEndothelial Keratoplasty$93776803 997 $aUNINA